000 00410 a2200145 4500
001 177675
020 _a
040 _cMagnum
100 _aPassini, Elza Y. e Almeida, Rosangela D.
240 1 0 _aRepensando o ensino: o espaco geografico ensino e representacao
_lpor
245 1 0 _aRepensando o ensino: o espaco geografico ensino e representacao
362 0 _a1899
697 _aMAGNITO: GERAL
942 _cBK
999 _c177675
_d177675